| 000 | 00678nam a2200217Ia 4500 | ||
|---|---|---|---|
| 001 | 8415 | ||
| 003 | GE_BSU | ||
| 008 | 181216s||||||||xx |||||||||||||| ||und|| | ||
| 020 | _a5525002817 | ||
| 040 | _cGE_BSU | ||
| 080 | _a821.353.1-11 | ||
| 100 | _aვაჟა-ფშაველა | ||
| 245 | _aპოემები | ||
| 245 | _cმხატვ.გურამ ღლონტი,ილ.ედვარდ ამბაკოიძე და გოგი თითაბიძე | ||
| 260 | _aთბილისი | ||
| 260 | _bნაკადული | ||
| 260 | _c1990 | ||
| 300 | _a672გვ.20სმ.ილ. | ||
| 653 | _aპოემები | ||
| 942 | _cBK | ||
| 999 |
_c41734 _d41734 |
||